What are good health care measurements?

Podľa výsledkov výskumu vedeného Výborom Americkej organizácie pre akosť (ASQC), sa vyšpecifikovalo osem kritérií pre priebežné rozvíjanie akosti služieb v oblasti zdravotníctva. Týkajú sa merateľnosti a vykazovateľnosti uplatnených postupov, postupy a opatrenia sa nemajú viazať na určitý stupeň ako...

ver descrição completa

Na minha lista:
Detalhes bibliográficos
Autor principal: Finison, L.J
Formato: Capítulo de Livro
Idioma:inglês
Assuntos:
Tags: Adicionar Tag
Sem tags, seja o primeiro a adicionar uma tag!

MARC

LEADER 00000naa a2200000 4500
001 r009241
005 20220913122638.6
041 0 |a eng 
044 |a US 
245 1 0 |a What are good health care measurements?  |c L.J. Finison 
520 |a Podľa výsledkov výskumu vedeného Výborom Americkej organizácie pre akosť (ASQC), sa vyšpecifikovalo osem kritérií pre priebežné rozvíjanie akosti služieb v oblasti zdravotníctva. Týkajú sa merateľnosti a vykazovateľnosti uplatnených postupov, postupy a opatrenia sa nemajú viazať na určitý stupeň akosti, majú kombinovať požiadavky užívateľov s vecnými premennými procesov, preferencia dát premenných pred dátami štatistických atribútov, jednoduchosť merania výsledkov. 
610 2 0 |a ukazovatele kvalitatívne 
610 2 0 |a zdravotníctvo 
610 2 0 |a služby 
610 2 0 |a USA 
610 2 0 |a kvalita 
610 2 0 |a starostlivosť zdravotná 
610 2 0 |a zisťovanie štatistické 
610 2 0 |a zber dát 
100 1 |a Finison, L.J.